Харон обратно не перевозит (Запись № 7426831)

Подробности
000 -МАРКЕР
контрольное поле 03695nam0a22004451 4500
001 - ИДЕНТИФИКАТОР ЗАПИСИ
контрольное поле rc\146757
005 - ИДЕНТИФИКАТОР ВЕРСИИ
контрольное поле 20250620205749.0
010 ## - МЕЖДУНАРОДНЫЙ СТАНДАРТНЫЙ НОМЕР КНИГИ (ISBN)
Номер (ISBN) 5-235-01956-7
Уточнения Мол. гвардия
Тираж 50000
035 ## - ДРУГИЕ СИСТЕМНЫЕ НОМЕРА
Идентификатор записи (NLR Aleph) 005416255
100 ## - ДАННЫЕ ОБЩЕЙ ОБРАБОТКИ
Данные общей обработки 20030307d1994 |||y0rusy50 ca
101 0# - ЯЗЫК РЕСУРСА
Язык текста, звукозаписи и т.д. русский
102 ## - СТРАНА ПУБЛИКАЦИИ ИЛИ ПРОИЗВОДСТВА
Страна публикации Российская Федерация
105 ## - ПОЛЕ КОДИРОВАННЫХ ДАННЫХ: ТЕКСТОВЫЕ МАТЕРИАЛЫ, МОНОГРАФИЧЕСКИЕ
Кодированные данные о монографическом текстовом документе a |||||||||
200 1# - ЗАГЛАВИЕ И СВЕДЕНИЯ ОБ ОТВЕТСТВЕННОСТИ
Основное заглавие Харон обратно не перевозит
Сведения, относящиеся к заглавию [Фантаст. повести и рассказы
Первые сведения об ответственности Сост. А.Н. Каширин]
210 ## - ПУБЛИКАЦИЯ, РАСПРОСТРАНЕНИЕ И ДР.
Место издания, распространения и т.д. М.
Имя издателя, распространителя и т. д. Мол. гвардия
Место издания, распространения и т.д. Тирасполь
Имя издателя, распространителя и т. д. Всесоюз. об-ние молодых писателей-фантастов
Дата издания, распространения и т.д. 1994
215 ## - ФИЗИЧЕСКАЯ ХАРАКТЕРИСТИКА
Специфическое обозначение материала и объем 477, [2] c.
Другие сведения о физической характеристике ил.
Размеры 21
225 1# - СЕРИЯ
Основное заглавие серии Фантастика
225 1# - СЕРИЯ
Основное заглавие серии Румбы фантастики
327 1# - ПРИМЕЧАНИЯ О СОДЕРЖАНИИ
Текст примечания Содерж.: Харон обратно не перевозит / И. Дубов. Мир крыльев / Л. Кудрявцев. Змей из-под пространства / М. Пухов. Слезы льда / А. Рубинов. Поправка на человечность / А. Силецкий. Практикум для начинающих / В. Трапезников. Последний вопрос / А. Азимов. ...Все кошки серы; Мышеловка / Э. Нортон. Стены / З. Хендерсон. Жертва из космоса / Р. Шекли. Субботний отдых на берегу моря / К. Эмшвиллер. Все об Атлантиде / В. Щербаков
464 #0 - АНАЛИТИЧЕСКИЙ УРОВЕНЬ
Встроенное поле 2001#$aХарон обратно не перевозит
-- 700#1$aДубов$bИ.
Заглавие Харон обратно не перевозит
Автор Дубов, И.
464 #0 - АНАЛИТИЧЕСКИЙ УРОВЕНЬ
Встроенное поле 2001#$aМир крыльев
-- 700#1$aКудрявцев$bЛ.
Заглавие Мир крыльев
Автор Кудрявцев, Л.
464 #0 - АНАЛИТИЧЕСКИЙ УРОВЕНЬ
Встроенное поле 2001#$aЗмей из-под пространства
-- 700#1$aПухов$bМ.
Заглавие Змей из-под пространства
Автор Пухов, М.
464 #0 - АНАЛИТИЧЕСКИЙ УРОВЕНЬ
Встроенное поле 2001#$aСлезы льда
-- 700#1$aРубинов$bА.
Заглавие Слезы льда
Автор Рубинов, А.
464 #0 - АНАЛИТИЧЕСКИЙ УРОВЕНЬ
Встроенное поле 2001#$aПоправка на человечность
-- 700#1$aСилецкий$bА.
Заглавие Поправка на человечность
Автор Силецкий, А.
464 #0 - АНАЛИТИЧЕСКИЙ УРОВЕНЬ
Встроенное поле 2001#$aПрактикум для начинающих
-- 700#1$aТрапезников$bВ.
Заглавие Практикум для начинающих
Автор Трапезников, В.
464 #0 - АНАЛИТИЧЕСКИЙ УРОВЕНЬ
Встроенное поле 2001#$aПоследний вопрос
-- 700#1$aАзимов$bА.
Заглавие Последний вопрос
Автор Азимов, А.
464 #0 - АНАЛИТИЧЕСКИЙ УРОВЕНЬ
Встроенное поле 2001#$aˆ...‰Все кошки серы
-- 700#1$aНортон$bЭ.$gЭндрю$f1912-2005$3RU\NLR\AUTH\779798
Заглавие ˆ...‰Все кошки серы
Автор Нортон, Эндрю (1912-2005)
464 #0 - АНАЛИТИЧЕСКИЙ УРОВЕНЬ
Встроенное поле 2001#$aМышеловка
-- 700#1$aНортон$bЭ.$gЭндрю$f1912-2005$3RU\NLR\AUTH\779798
Заглавие Мышеловка
Автор Нортон, Эндрю (1912-2005)
464 #0 - АНАЛИТИЧЕСКИЙ УРОВЕНЬ
Встроенное поле 2001#$aСтены
-- 700#1$aХендерсон$bЗ.
Заглавие Стены
Автор Хендерсон, З.
464 #0 - АНАЛИТИЧЕСКИЙ УРОВЕНЬ
Встроенное поле 2001#$aЖертва из космоса
-- 700#1$aШекли$bР.
Заглавие Жертва из космоса
Автор Шекли, Р.
464 #0 - АНАЛИТИЧЕСКИЙ УРОВЕНЬ
Встроенное поле 2001#$aСубботний отдых на берегу моря
-- 700#1$aЭмшвиллер$bК.
Заглавие Субботний отдых на берегу моря
Автор Эмшвиллер, К.
464 #0 - АНАЛИТИЧЕСКИЙ УРОВЕНЬ
Встроенное поле 2001#$aВсе об Атлантиде
-- 700#1$aЩербаков$bВ.
Заглавие Все об Атлантиде
Автор Щербаков, В.
702 #1 - ИМЯ ЛИЦА - ВТОРИЧНАЯ ОТВЕТСТВЕННОСТЬ
Начальный элемент ввода Каширин
Часть имени, кроме начального элемента ввода А.Н.
Код отношения Составитель
801 #0 - ИСТОЧНИК ЗАПИСИ
Страна Российская Федерация
Организация NLR
Правила каталогизации psbo
801 #1 - ИСТОЧНИК ЗАПИСИ
Страна Российская Федерация
Организация ELAR
Источник данных rusmarc
852 ## - МЕСТОНАХОЖДЕНИЕ И ШИФР ХРАНЕНИЯ
Идентификатор организации NLR
Шифр хранения (Call Number) 94-3/145
942 ## - ДОПОЛНИТЕЛЬНЫЕ ЭЛЕМЕНТЫ ЗАПИСИ (АБИС)
Тип экземпляра АБИС Книга
980 ## - КОЛЛЕКЦИЯ
Название коллекции Национальная библиография
Экземпляры
Тип экземпляра Дата поступления Библиотека постоянного хранения Библиотека текущего хранения Место хранения Шифр хранения Штрих-код Статус экземпляра
Книга 26.10.2013 РНБ (Московский) РНБ (Московский) Русский книжный фонд: издания с 1957 года 94-3/145 5416255-10